000 00648nam a22001817a 4500
008 160711b xxu||||| |||| 00| 0 eng d
020 _a978-0-07-110591-0
082 _22007
_aDC 519.502465
_bB67b
100 _913266
_aBowerman, Bruce L.
245 _aBusiness statistics in practice/
_cBruce L. Bowerman and Richard T. O'Connell.
250 _aFourth Edition
260 _aBoston:
_bMcGraw-Hill/Irwin,
_cc2007.
300 _axxi, 881 pages:
_bcolor illustrations;
_c28 cm.
500 _aIncludes bibliographical references and index.
650 0 _913267
_aCommercial statistics
700 _913268
_aO'Connell, Richard T.
942 _2ddc
_cDC
999 _c3965
_d3965